000 02097 a2200229 4500
001 56993
005 20260407155832.0
008 260407a2005 arg spa d
003 AR-UNSa-BCEJYS
040 _aAR-UNSa-BCEJYS
_bspa
_cAR-UNSa-BCEJYS
080 _a929:330
_xBiografía de Economistas
245 1 0 _aThe nobel memorail laureates in economics
_pan introduction to their careers and main published works
020 _a1-84376-600-0
264 1 _aMassachusetts :
_bEdward Elgar
_c2005
300 _a362 p.
_c26 cm.
505 _a1. 1969 Ragnar Frisch - Jan Tinbergen – 2. 1970 Paul Samuelson – 3. 1971 Simon Kuznets – 4. John Hicks - Kenneth Arrow – 5. 1973 Wassily Leontief – 6. 1974 Gunnar Myrdal - Friedrich von Hayek – 7. 1975 Leonid Kantorovich - Tjalling Koopmans – 8. 1976 Milton Friedman – 9. 1977 Bertil Ohlin - James Meade – 10. 1978 Herbert A. Simon – 11. 1979 Theodore Schultz - Arthur Lewis – 12. 1980 Lawrence Klein – 13. 1981 James Tobin – 14. 1982 George Stigler – 15. 1983 Gérard Debreu – 16. 1984 Richard Stone – 17. 1985 Franco Modigliani – 18. 1986 James M. Buchanan – 19. 1987 Robert Solow – 20. 1988 Maurice Allais – 21. 1989 Trygve Haavelmo – 22. 1990 Harry Markowitz - Merton Miller - William F. Sharpe – 23. 1991 Ronald Coase – 24. 1992 Gary Becker – 25. 1993 Robert Fogel - Douglass North – 26. 1994 John Harsanyi - John Forbes Nash Jr. - Reinhard Selten – 27. 1995 Robert Lucas, Jr. – 28. 1996 James Mirrlees - William Vickrey – 29. 1997 Robert C. Merton - Myron Scholes – 30. 1998 Amartya Sen – 31. 1999 Robert Mundell – 32. 2000 James Heckman - Daniel McFadden – 33. 2001 George Akerlof - Michael Spence - Joseph Stiglitzn – 34. 2002 Daniel Kahneman - Vernon L. Smith – 35. 2003 Robert F. Engle - Clive Granger – 36. 2004 Finn E. Kydland - Edward C. Prescott
942 _cBK
590 _aniveau_biblio:m niveau_hierar:0
100 1 _aVane, Howard R.
700 1 _aMulhearn, Chris
856 4 1 _uhttps://biblioeco.unsa.edu.ar/pmb/images/libros/L128633.jpg
_yImagen de portada
_qimage/jpeg
999 _c6081
_d6081